[Event "2024 National Middle School Championship"]
[Site "Atlanta, Georgia, United States"]
[Date "2024.05.10"]
[Round "1.15"]
[White "Sceusi, Ryan"]
[Black "Jaikumar, Diksha"]
[Result "1-0"]
[TimeControl "G/90;d10"]
[WhiteElo "1431"]
[BlackElo "1685"]

1. e4 {[%clk 01:30:00]} {[%emt 00:00:02]} c5 {[%clk 01:30:00]} {[%emt
00:00:06]} 2. Nf3 {[%clk 01:30:00]} {[%emt 00:00:04]} d6 {[%clk 01:29:56]}
{[%emt 00:00:14]} 3. Bb5+ {[%clk 01:30:00]} {[%emt 00:00:05]} Bd7 {[%clk
01:29:37]} {[%emt 00:00:30]} 4. Bxd7+ {[%clk 01:30:00]} {[%emt 00:00:07]} Qxd7
{[%clk 01:29:17]} {[%emt 00:00:31]} 5. O-O {[%clk 01:29:55]} {[%emt 00:00:15]}
Nf6 {[%clk 01:28:42]} {[%emt 00:00:45]} 6. Qe2 {[%clk 01:29:55]} {[%emt
00:00:08]} Nc6 {[%clk 01:27:24]} {[%emt 00:01:28]} 7. c3 {[%clk 01:29:48]}
{[%emt 00:00:16]} g6 {[%clk 01:13:44]} {[%emt 00:13:51]} 8. d4 {[%clk
01:29:29]} {[%emt 00:00:29]} cxd4 {[%clk 01:12:54]} {[%emt 00:01:01]} 9. cxd4
{[%clk 01:29:28]} {[%emt 00:00:10]} Rc8 {[%clk 01:11:20]} {[%emt 00:01:43]} 10.
Nc3 {[%clk 01:28:36]} {[%emt 00:01:03]} Bg7 {[%clk 01:08:41]} {[%emt 00:02:49]}
11. Rd1 {[%clk 01:28:34]} {[%emt 00:00:12]} Qc7 {[%clk 01:05:37]} {[%emt
00:03:13]} 12. Bf4 {[%clk 01:26:12]} {[%emt 00:02:33]} O-O {[%clk 00:59:04]}
{[%emt 00:06:44]} 13. h3 {[%clk 01:23:47]} {[%emt 00:02:33]} a6 {[%clk
00:56:29]} {[%emt 00:02:46]} 14. Rac1 {[%clk 01:20:47]} {[%emt 00:03:09]} Qa5
{[%clk 00:52:28]} {[%emt 00:04:12]} 15. a3 {[%clk 01:16:48]} {[%emt 00:04:09]}
b5 {[%clk 00:49:58]} {[%emt 00:02:40]} 16. Bd2 {[%clk 01:05:49]} {[%emt
00:11:06]} Qd8 {[%clk 00:44:20]} {[%emt 00:05:51]} 17. b4 {[%clk 01:01:20]}
{[%emt 00:04:39]} Nd7 {[%clk 00:41:31]} {[%emt 00:03:00]} 18. Be3 {[%clk
00:52:36]} {[%emt 00:08:53]} Nb6 {[%clk 00:40:30]} {[%emt 00:01:12]} 19. d5
{[%clk 00:49:59]} {[%emt 00:02:47]} Ne5 {[%clk 00:39:47]} {[%emt 00:00:53]} 20.
Nd4 {[%clk 00:45:20]} {[%emt 00:04:49]} Nbc4 {[%clk 00:38:31]} {[%emt
00:01:26]} 21. a4 {[%clk 00:43:39]} {[%emt 00:01:51]} Nxe3 {[%clk 00:37:42]}
{[%emt 00:00:59]} 22. fxe3 {[%clk 00:42:36]} {[%emt 00:01:12]} Bh6 {[%clk
00:35:56]} {[%emt 00:01:56]} 23. axb5 {[%clk 00:41:19]} {[%emt 00:01:27]} axb5
{[%clk 00:33:57]} {[%emt 00:02:10]} 24. Ncxb5 {[%clk 00:40:32]} {[%emt
00:00:57]} Qb6 {[%clk 00:33:03]} {[%emt 00:01:03]} 25. g4 {[%clk 00:37:22]}
{[%emt 00:03:20]} Rfe8 {[%clk 00:30:03]} {[%emt 00:03:11]} 26. Kg2 {[%clk
00:34:45]} {[%emt 00:02:47]} e6 {[%clk 00:28:24]} {[%emt 00:01:49]} 27. h4
{[%clk 00:33:01]} {[%emt 00:01:54]} exd5 {[%clk 00:21:49]} {[%emt 00:06:46]} 28.
g5 {[%clk 00:32:47]} {[%emt 00:00:23]} Bg7 {[%clk 00:19:26]} {[%emt 00:02:34]}
29. exd5 {[%clk 00:32:44]} {[%emt 00:00:12]} Nd7 {[%clk 00:17:46]} {[%emt
00:01:51]} 30. Rc6 {[%clk 00:31:22]} {[%emt 00:01:32]} Rxc6 {[%clk 00:16:22]}
{[%emt 00:01:35]} 31. dxc6 {[%clk 00:30:53]} {[%emt 00:00:38]} Nb8 {[%clk
00:14:13]} {[%emt 00:02:19]} 32. c7 {[%clk 00:29:28]} {[%emt 00:01:35]} Na6
{[%clk 00:13:55]} {[%emt 00:00:28]} 33. Qc4 {[%clk 00:28:54]} {[%emt 00:00:42]}
Rc8 {[%clk 00:13:01]} {[%emt 00:01:06]} 34. Qc6 {[%clk 00:27:50]} {[%emt
00:01:14]} Bxd4 {[%clk 00:12:31]} {[%emt 00:00:40]} 35. Nxd4 {[%clk 00:27:19]}
{[%emt 00:00:40]} Qxc6+ {[%clk 00:11:26]} {[%emt 00:01:16]} 36. Nxc6 {[%clk
00:27:16]} {[%emt 00:00:13]} Rxc7 {[%clk 00:11:26]} {[%emt 00:00:03]} 37. b5
{[%clk 00:27:01]} {[%emt 00:00:24]} Nc5 {[%clk 00:11:17]} {[%emt 00:00:19]} 38.
Rxd6 {[%clk 00:26:53]} {[%emt 00:00:18]} Rb7 {[%clk 00:10:35]} {[%emt
00:00:53]} 39. Nd4 {[%clk 00:25:38]} {[%emt 00:01:24]} Re7 {[%clk 00:09:49]}
{[%emt 00:00:57]} 40. Rd8+ {[%clk 00:24:38]} {[%emt 00:01:09]} Kg7 {[%clk
00:09:49]} {[%emt 00:00:07]} 41. h5 {[%clk 00:23:58]} {[%emt 00:00:50]} h6
{[%clk 00:09:45]} {[%emt 00:00:15]} 42. gxh6+ {[%clk 00:22:45]} {[%emt
00:01:23]} Kxh6 {[%clk 00:09:45]} {[%emt 00:00:04]} 43. hxg6 {[%clk 00:22:34]}
{[%emt 00:00:20]} fxg6 {[%clk 00:09:38]} {[%emt 00:00:18]} 44. Rd6 {[%clk
00:22:26]} {[%emt 00:00:18]} Re5 {[%clk 00:08:52]} {[%emt 00:00:56]} 45. Kf3
{[%clk 00:21:56]} {[%emt 00:00:38]} Kh5 {[%clk 00:08:12]} {[%emt 00:00:51]} 46.
b6 {[%clk 00:21:22]} {[%emt 00:00:43]} g5 {[%clk 00:08:08]} {[%emt 00:00:16]}
47. Rc6 {[%clk 00:20:35]} {[%emt 00:00:56]} Nd7 {[%clk 00:07:10]} {[%emt
00:01:09]} 48. b7 {[%clk 00:20:06]} {[%emt 00:00:38]} Ra5 {[%clk 00:07:08]}
{[%emt 00:00:13]} 49. Rd6 {[%clk 00:19:32]} {[%emt 00:00:43]} g4+ {[%clk
00:06:54]} {[%emt 00:00:25]} 50. Kg3 {[%clk 00:19:29]} {[%emt 00:00:10]} Nb8
{[%clk 00:06:26]} {[%emt 00:00:40]} 51. Rd8 {[%clk 00:19:29]} {[%emt 00:00:10]}
Nc6 {[%clk 00:06:25]} {[%emt 00:00:11]} 52. Nxc6 {[%clk 00:19:29]} {[%emt
00:00:11]} Ra3 {[%clk 00:06:25]} {[%emt 00:00:04]} 53. b8=Q {[%clk 00:19:29]}
{[%emt 00:00:10]} Rxe3+ {[%clk 00:06:25]} {[%emt 00:00:02]} 54. Kf2 {[%clk
00:19:28]} {[%emt 00:00:09]} Rf3+ {[%clk 00:06:25]} {[%emt 00:00:04]} 55. Kg2
{[%clk 00:19:28]} {[%emt 00:00:08]} 1-0

[Event "2024 National Middle School Championship"]
[Site "Atlanta, Georgia, United States"]
[Date "2024.05.10"]
[Round "1.16"]
[White "Kaur, Jind"]
[Black "Bhatti, Danish Idrees"]
[Result "0-1"]
[TimeControl "G/90;d10"]
[WhiteElo "1670"]
[BlackElo "1429"]

1. e4 {[%clk 01:30:00]} {[%emt 00:00:04]} d6 {[%clk 01:30:00]} {[%emt
00:00:04]} 2. d4 {[%clk 01:30:00]} {[%emt 00:00:05]} g6 {[%clk 01:30:00]}
{[%emt 00:00:04]} 3. Nf3 {[%clk 01:30:00]} {[%emt 00:00:06]} Bg7 {[%clk
01:30:00]} {[%emt 00:00:08]} 4. Nc3 {[%clk 01:30:00]} {[%emt 00:00:08]} Nf6
{[%clk 01:29:40]} {[%emt 00:00:30]} 5. Be2 {[%clk 01:27:25]} {[%emt 00:02:46]}
O-O {[%clk 01:29:20]} {[%emt 00:00:31]} 6. O-O {[%clk 01:27:22]} {[%emt
00:00:13]} e5 {[%clk 01:28:11]} {[%emt 00:01:19]} 7. Re1 {[%clk 01:14:59]}
{[%emt 00:12:32]} Nbd7 {[%clk 01:26:58]} {[%emt 00:01:23]} 8. Bg5 {[%clk
01:07:45]} {[%emt 00:07:24]} h6 {[%clk 01:25:42]} {[%emt 00:01:27]} 9. Bd2
{[%clk 00:57:06]} {[%emt 00:10:49]} a6 {[%clk 01:22:56]} {[%emt 00:02:56]} 10.
Bd3 {[%clk 00:52:48]} {[%emt 00:04:27]} b5 {[%clk 01:20:30]} {[%emt 00:02:36]}
11. a3 {[%clk 00:47:14]} {[%emt 00:05:45]} c5 {[%clk 01:20:03]} {[%emt
00:00:37]} 12. d5 {[%clk 00:45:41]} {[%emt 00:01:43]} c4 {[%clk 01:19:16]}
{[%emt 00:00:57]} 13. Bf1 {[%clk 00:43:30]} {[%emt 00:02:20]} Nc5 {[%clk
01:18:26]} {[%emt 00:00:59]} 14. b3 {[%clk 00:34:57]} {[%emt 00:08:44]} cxb3
{[%clk 01:15:12]} {[%emt 00:03:24]} 15. cxb3 {[%clk 00:34:57]} {[%emt
00:00:05]} Bg4 {[%clk 01:14:23]} {[%emt 00:00:59]} 16. Rb1 {[%clk 00:32:55]}
{[%emt 00:02:13]} Rb8 {[%clk 01:13:19]} {[%emt 00:01:13]} 17. b4 {[%clk
00:31:35]} {[%emt 00:01:30]} Ncxe4 {[%clk 01:10:26]} {[%emt 00:03:03]} 18. Nxe4
{[%clk 00:30:08]} {[%emt 00:01:37]} Nxe4 {[%clk 01:10:26]} {[%emt 00:00:06]} 19.
Rxe4 {[%clk 00:30:07]} {[%emt 00:00:10]} Bf5 {[%clk 01:10:26]} {[%emt
00:00:06]} 20. Re3 {[%clk 00:26:09]} {[%emt 00:04:10]} Bxb1 {[%clk 01:10:19]}
{[%emt 00:00:17]} 21. Qxb1 {[%clk 00:26:09]} {[%emt 00:00:08]} f5 {[%clk
01:09:32]} {[%emt 00:00:57]} 22. Bc3 {[%clk 00:24:41]} {[%emt 00:01:38]} Rc8
{[%clk 01:08:24]} {[%emt 00:01:18]} 23. Bb2 {[%clk 00:24:10]} {[%emt 00:00:41]}
Qe7 {[%clk 01:07:24]} {[%emt 00:01:10]} 24. Nd4 {[%clk 00:21:26]} {[%emt
00:02:54]} Qf7 {[%clk 01:01:43]} {[%emt 00:05:47]} 25. Ne6 {[%clk 00:20:22]}
{[%emt 00:01:18]} Rfe8 {[%clk 01:00:13]} {[%emt 00:01:40]} 26. Rg3 {[%clk
00:18:35]} {[%emt 00:01:57]} Rxe6 {[%clk 00:59:06]} {[%emt 00:01:16]} 27. dxe6
{[%clk 00:18:31]} {[%emt 00:00:15]} Qxe6 {[%clk 00:59:03]} {[%emt 00:00:14]} 28.
Qd1 {[%clk 00:14:07]} {[%emt 00:04:33]} d5 {[%clk 00:57:08]} {[%emt 00:02:01]}
29. Re3 {[%clk 00:12:21]} {[%emt 00:02:00]} f4 {[%clk 00:55:41]} {[%emt
00:01:35]} 30. Re1 {[%clk 00:12:07]} {[%emt 00:00:25]} e4 {[%clk 00:50:06]}
{[%emt 00:05:45]} 31. Bxg7 {[%clk 00:11:59]} {[%emt 00:00:19]} Kxg7 {[%clk
00:50:01]} {[%emt 00:00:15]} 32. Qd4+ {[%clk 00:11:55]} {[%emt 00:00:14]} Kg8
{[%clk 00:47:53]} {[%emt 00:02:14]} 33. Rd1 {[%clk 00:11:08]} {[%emt 00:01:00]}
Rd8 {[%clk 00:46:31]} {[%emt 00:01:29]} 34. Be2 {[%clk 00:10:47]} {[%emt
00:00:35]} g5 {[%clk 00:44:58]} {[%emt 00:01:41]} 35. h3 {[%clk 00:09:47]}
{[%emt 00:01:11]} Qc6 {[%clk 00:39:12]} {[%emt 00:05:53]} 36. Qb2 {[%clk
00:08:56]} {[%emt 00:01:04]} Qb7 {[%clk 00:35:10]} {[%emt 00:04:08]} 37. Rd4
{[%clk 00:08:55]} {[%emt 00:00:15]} Qe7 {[%clk 00:33:08]} {[%emt 00:02:11]} 38.
Qd2 {[%clk 00:08:46]} {[%emt 00:00:21]} Qe5 {[%clk 00:31:24]} {[%emt 00:01:48]}
39. Bd1 {[%clk 00:08:23]} {[%emt 00:00:39]} Kf7 {[%clk 00:30:58]} {[%emt
00:00:35]} 40. Bb3 {[%clk 00:06:36]} {[%emt 00:01:57]} Ke6 {[%clk 00:29:58]}
{[%emt 00:01:11]} 41. Qc3 {[%clk 00:05:54]} {[%emt 00:00:53]} Rd6 {[%clk
00:29:01]} {[%emt 00:01:06]} 42. Qc8+ {[%clk 00:04:57]} {[%emt 00:01:07]} Ke7
{[%clk 00:25:35]} {[%emt 00:03:36]} 43. Qc7+ {[%clk 00:04:57]} {[%emt
00:00:11]} Ke6 {[%clk 00:24:22]} {[%emt 00:01:23]} 44. Rxd5 {[%clk 00:02:26]}
{[%emt 00:02:40]} Rxd5 {[%clk 00:23:49]} {[%emt 00:00:43]} 45. Qc6+ {[%clk
00:02:26]} {[%emt 00:00:07]} Qd6 {[%clk 00:23:19]} {[%emt 00:00:37]} 46. Bxd5+
{[%clk 00:02:26]} {[%emt 00:00:08]} Ke5 {[%clk 00:22:50]} {[%emt 00:00:40]} 47.
Qxd6+ {[%clk 00:02:26]} {[%emt 00:00:02]} Kxd6 {[%clk 00:22:36]} {[%emt
00:00:24]} 48. Bxe4 {[%clk 00:02:26]} {[%emt 00:00:02]} Kc7 {[%clk 00:22:19]}
{[%emt 00:00:27]} 49. Kf1 {[%clk 00:02:26]} {[%emt 00:00:02]} Kb6 {[%clk
00:22:19]} {[%emt 00:00:05]} 50. Ke2 {[%clk 00:02:26]} {[%emt 00:00:02]} a5
{[%clk 00:22:19]} {[%emt 00:00:01]} 51. Kd3 {[%clk 00:02:26]} {[%emt 00:00:03]}
axb4 {[%clk 00:22:08]} {[%emt 00:00:21]} 52. axb4 {[%clk 00:02:26]} {[%emt
00:00:01]} Kc7 {[%clk 00:22:08]} {[%emt 00:00:05]} 53. Kd4 {[%clk 00:02:26]}
Kd6 {[%clk 00:22:08]} {[%emt 00:00:02]} 54. Bd5 {[%clk 00:02:26]} {[%emt
00:00:04]} h5 {[%clk 00:22:08]} {[%emt 00:00:06]} 55. Bf7 {[%clk 00:02:26]}
{[%emt 00:00:03]} h4 {[%clk 00:22:08]} {[%emt 00:00:08]} 56. Be8 {[%clk
00:02:26]} {[%emt 00:00:02]} g4 {[%clk 00:22:08]} {[%emt 00:00:08]} 57. hxg4
{[%clk 00:02:26]} {[%emt 00:00:03]} f3 {[%clk 00:22:08]} {[%emt 00:00:01]} 58.
gxf3 {[%clk 00:02:07]} {[%emt 00:00:29]} h3 {[%clk 00:22:08]} 59. g5 {[%clk
00:01:26]} {[%emt 00:00:50]} h2 {[%clk 00:22:06]} {[%emt 00:00:02]} 60. g6
{[%clk 00:01:11]} {[%emt 00:00:36]} h1=Q {[%clk 00:22:06]} {[%emt 00:00:03]} 61.
g7 {[%clk 00:00:44]} {[%emt 00:00:37]} Qg2 {[%clk 00:22:06]} {[%emt 00:00:07]}
62. Bxb5 {[%clk 00:00:36]} {[%emt 00:00:19]} Qxg7+ {[%clk 00:22:06]} {[%emt
00:00:03]} 63. Kd3 {[%clk 00:00:35]} {[%emt 00:00:10]} Qf6 {[%clk 00:22:04]}
{[%emt 00:00:14]} 64. Bc4 {[%clk 00:00:35]} {[%emt 00:00:06]} Qxf3+ {[%clk
00:22:04]} {[%emt 00:00:03]} 65. Kc2 {[%clk 00:00:34]} {[%emt 00:00:09]} Qxf2+
{[%clk 00:22:04]} {[%emt 00:00:03]} 66. Kd3 {[%clk 00:00:34]} {[%emt 00:00:04]}
Qb6 {[%clk 00:22:04]} {[%emt 00:00:02]} 67. b5 {[%clk 00:00:34]} {[%emt
00:00:03]} Kc5 {[%clk 00:22:04]} {[%emt 00:00:01]} 68. Kc3 {[%clk 00:00:34]}
{[%emt 00:00:05]} Qa5+ {[%clk 00:22:04]} {[%emt 00:00:02]} 69. Kd3 {[%clk
00:00:34]} {[%emt 00:00:04]} Qb4 {[%clk 00:22:04]} {[%emt 00:00:05]} 70. Ba2
{[%clk 00:00:34]} {[%emt 00:00:08]} Qxb5+ {[%emt 00:00:02]} 71. Kd2 {[%clk
00:00:34]} {[%emt 00:00:02]} Qb2+ {[%clk 00:22:04]} {[%emt 00:00:02]} 72. Kd3
{[%clk 00:00:34]} {[%emt 00:00:01]} Qxa2 {[%clk 00:22:04]} {[%emt 00:00:03]} 73.
Ke4 {[%clk 00:00:34]} {[%emt 00:00:02]} Qd2 {[%clk 00:22:04]} 74. Ke5 {[%clk
00:00:34]} {[%emt 00:00:02]} Qd4 {[%clk 00:22:04]} {[%emt 00:00:02]} 75. Kf5
{[%clk 00:00:34]} {[%emt 00:00:02]} Qe3 {[%clk 00:22:04]} {[%emt 00:00:01]} 76.
Kg4 {[%clk 00:00:34]} {[%emt 00:00:02]} Qf2 {[%clk 00:22:04]} {[%emt 00:00:01]}
77. Kg5 {[%clk 00:00:34]} {[%emt 00:00:02]} Kd5 {[%clk 00:22:04]} {[%emt
00:00:02]} 78. Kg4 {[%clk 00:00:34]} {[%emt 00:00:02]} Ke5 {[%clk 00:22:04]}
{[%emt 00:00:02]} 79. Kg5 {[%clk 00:00:34]} {[%emt 00:00:01]} Qf4 {[%clk
00:22:04]} {[%emt 00:00:02]} 80. Kg6 {[%clk 00:00:34]} {[%emt 00:00:02]} Ke6
{[%clk 00:22:04]} {[%emt 00:00:04]} 81. Kg7 {[%clk 00:00:34]} {[%emt 00:00:03]}
Qf6+ {[%clk 00:22:04]} {[%emt 00:00:02]} 82. Kg8 {[%clk 00:00:34]} {[%emt
00:00:03]} Qe7 {[%clk 00:22:04]} {[%emt 00:00:06]} 83. Kh8 {[%clk 00:00:34]}
{[%emt 00:00:02]} Kf6 {[%clk 00:22:04]} {[%emt 00:00:01]} 84. Kg8 {[%clk
00:00:34]} {[%emt 00:00:02]} Qg7# {[%clk 00:22:04]} {[%emt 00:00:01]} 0-1

[Event "2024 National Middle School Championship"]
[Site "Atlanta, Georgia, United States"]
[Date "2024.05.10"]
[Round "1.17"]
[White "Huang, David"]
[Black "Rodriguez, Jorge"]
[Result "1-0"]
[TimeControl "G/90;d10"]
[WhiteElo "1396"]
[BlackElo "1180"]

1. e4 {[%clk 01:30:00]} {[%emt 00:00:05]} c6 {[%clk 01:29:59]} {[%emt
00:00:11]} 2. d4 {[%clk 01:29:51]} {[%emt 00:00:20]} d5 {[%clk 01:29:59]}
{[%emt 00:00:07]} 3. e5 {[%clk 01:29:29]} {[%emt 00:00:33]} c5 {[%clk
01:29:06]} {[%emt 00:01:02]} 4. c3 {[%clk 01:29:27]} {[%emt 00:00:13]} Nc6
{[%clk 01:28:12]} {[%emt 00:01:04]} 5. Nf3 {[%clk 01:29:04]} {[%emt 00:00:33]}
Bg4 {[%clk 01:26:42]} {[%emt 00:01:40]} 6. Be3 {[%clk 01:28:42]} {[%emt
00:00:28]} Qb6 {[%clk 01:25:34]} {[%emt 00:01:22]} 7. b3 {[%clk 01:27:24]}
{[%emt 00:01:28]} e6 {[%clk 01:24:29]} {[%emt 00:01:15]} 8. Be2 {[%clk
01:19:22]} {[%emt 00:08:10]} Nge7 {[%clk 01:20:47]} {[%emt 00:03:54]} 9. Nbd2
{[%clk 01:06:08]} {[%emt 00:13:23]} Nf5 {[%clk 01:19:22]} {[%emt 00:01:36]} 10.
h3 {[%clk 01:04:17]} {[%emt 00:02:01]} Bh5 {[%clk 01:16:31]} {[%emt 00:03:00]}
11. O-O {[%clk 00:53:30]} {[%emt 00:10:56]} Nxe3 {[%clk 01:15:36]} {[%emt
00:01:06]} 12. fxe3 {[%clk 00:52:29]} {[%emt 00:01:11]} Be7 {[%clk 01:13:45]}
{[%emt 00:02:01]} 13. Nh2 {[%clk 00:46:38]} {[%emt 00:05:57]} Bg6 {[%clk
01:12:11]} {[%emt 00:01:48]} 14. Bh5 {[%clk 00:43:29]} {[%emt 00:03:12]} O-O
{[%clk 01:10:41]} {[%emt 00:01:48]} 15. Qg4 {[%clk 00:40:58]} {[%emt 00:02:32]}
Qc7 {[%clk 01:07:08]} {[%emt 00:03:51]} 16. Bxg6 {[%clk 00:40:26]} {[%emt
00:00:41]} hxg6 {[%clk 01:06:39]} {[%emt 00:00:39]} 17. Rf3 {[%clk 00:38:34]}
{[%emt 00:02:00]} b5 {[%clk 00:57:50]} {[%emt 00:09:01]} 18. h4 {[%clk
00:36:10]} {[%emt 00:02:34]} c4 {[%clk 00:50:48]} {[%emt 00:07:13]} 19. h5
{[%clk 00:32:07]} {[%emt 00:04:12]} gxh5 {[%clk 00:49:18]} {[%emt 00:01:40]} 20.
Qxh5 {[%clk 00:31:57]} {[%emt 00:00:20]} f6 {[%clk 00:48:07]} {[%emt 00:01:22]}
21. Qg6 {[%clk 00:30:18]} {[%emt 00:01:40]} Qd7 {[%clk 00:44:42]} {[%emt
00:03:44]} 22. Rh3 {[%clk 00:28:02]} {[%emt 00:02:20]} fxe5 {[%clk 00:42:56]}
{[%emt 00:02:02]} 23. Qh7+ {[%clk 00:27:26]} {[%emt 00:00:44]} Kf7 {[%clk
00:42:25]} {[%emt 00:00:42]} 24. Qh5+ {[%clk 00:27:15]} {[%emt 00:00:16]} Kg8
{[%clk 00:42:03]} {[%emt 00:00:38]} 25. Ng4 {[%clk 00:22:58]} {[%emt 00:04:20]}
Rf7 {[%clk 00:35:33]} {[%emt 00:06:46]} 26. Qh8# {[%clk 00:22:40]} {[%emt
00:00:25]} 1-0

[Event "2024 National Middle School Championship"]
[Site "Atlanta, Georgia, United States"]
[Date "2024.05.10"]
[Round "1.18"]
[White "Yemeni, Liev"]
[Black "De Hoyos, Alex Ray"]
[Result "1-0"]
[TimeControl "G/90;d10"]
[WhiteElo "1099"]
[BlackElo "980"]

1. d4 {[%clk 01:29:57]} {[%emt 00:00:12]} d5 {[%emt 00:02:53]} 2. Bf4 {[%clk
01:28:27]} {[%emt 00:01:36]} Nc6 {[%clk 01:14:40]} {[%emt 00:12:51]} 3. e3
{[%clk 01:28:05]} {[%emt 00:00:31]} a6 {[%emt 00:00:48]} 4. c4 {[%clk
01:27:55]} {[%emt 00:00:18]} e6 {[%clk 01:13:11]} {[%emt 00:01:04]} 5. Nc3
{[%clk 01:27:40]} {[%emt 00:00:25]} Bb4 {[%clk 01:13:02]} {[%emt 00:00:18]} 6.
Nf3 {[%clk 01:27:02]} {[%emt 00:00:48]} Bxc3+ {[%clk 01:11:53]} {[%emt
00:01:19]} 7. bxc3 {[%clk 01:26:57]} {[%emt 00:00:15]} Nf6 {[%clk 01:11:31]}
{[%emt 00:00:32]} 8. Qb3 {[%clk 01:23:44]} {[%emt 00:03:23]} b5 {[%clk
01:07:03]} {[%emt 00:04:37]} 9. cxb5 {[%clk 01:23:11]} {[%emt 00:00:44]} axb5
{[%clk 01:07:03]} {[%emt 00:00:06]} 10. Bxb5 {[%clk 01:21:27]} {[%emt
00:01:54]} Bd7 {[%clk 01:06:10]} {[%emt 00:01:04]} 11. O-O {[%clk 01:14:30]}
{[%emt 00:07:05]} Na5 {[%clk 00:59:59]} {[%emt 00:06:22]} 12. Bxd7+ {[%clk
01:11:26]} {[%emt 00:03:14]} Qxd7 {[%clk 00:58:25]} {[%emt 00:01:42]} 13. Qb4
{[%clk 01:10:45]} {[%emt 00:00:53]} Nc6 {[%clk 00:57:29]} {[%emt 00:01:06]} 14.
Qb7 {[%clk 01:09:55]} {[%emt 00:00:59]} Rc8 {[%emt 00:02:12]} 15. Ne5 {[%clk
01:09:07]} {[%emt 00:00:52]} Nxe5 {[%clk 00:54:37]} {[%emt 00:01:07]} 16. Bxe5
{[%clk 01:09:01]} {[%emt 00:00:15]} O-O {[%clk 00:54:15]} {[%emt 00:00:31]} 17.
Rfc1 {[%clk 01:06:14]} {[%emt 00:02:58]} Ne4 {[%clk 00:52:31]} {[%emt
00:01:54]} 18. c4 {[%clk 01:05:35]} {[%emt 00:00:50]} Nd6 {[%clk 00:52:11]}
{[%emt 00:00:30]} 19. Bxd6 {[%clk 01:05:14]} {[%emt 00:00:31]} Qxd6 {[%clk
00:48:27]} {[%emt 00:00:06]} 20. cxd5 {[%clk 01:04:51]} {[%emt 00:04:21]} Rb8
{[%clk 00:48:19]} {[%emt 00:00:17]} 21. Qxc7 {[%clk 01:04:44]} {[%emt
00:00:18]} Qxd5 {[%clk 00:48:04]} {[%emt 00:00:24]} 22. Rc5 {[%clk 01:03:56]}
{[%emt 00:00:58]} Qa8 {[%emt 00:02:25]} 23. Rac1 {[%clk 01:03:08]} {[%emt
00:00:03]} h5 {[%clk 00:45:23]} {[%emt 00:01:30]} 24. Ra5 {[%clk 00:57:05]}
{[%emt 00:06:15]} Qe4 {[%clk 00:41:13]} {[%emt 00:04:20]} 25. Rxh5 {[%clk
00:56:40]} {[%emt 00:00:35]} Rbc8 {[%clk 00:39:41]} {[%emt 00:01:41]} 26. Qxc8
{[%clk 00:56:20]} {[%emt 00:00:30]} Rxc8 {[%clk 00:39:29]} {[%emt 00:00:11]} 27.
Rxc8# 1-0

[Event "2024 National Middle School Championship"]
[Site "Atlanta, Georgia, United States"]
[Date "2024.05.10"]
[Round "1.19"]
[White "Ramireddy, Abhinav"]
[Black "Lopez Ibarra, Luis Arturo"]
[Result "0-1"]
[TimeControl "G/90;d10"]
[WhiteElo "897"]
[BlackElo "763"]

1. e4 {[%clk 01:29:59]} {[%emt 00:00:05]} c5 {[%clk 01:30:00]} {[%emt
00:00:09]} 2. d4 {[%clk 01:29:31]} {[%emt 00:00:38]} cxd4 {[%clk 01:30:00]}
{[%emt 00:00:10]} 3. Qxd4 {[%clk 01:29:27]} {[%emt 00:00:13]} Nc6 {[%clk
01:30:00]} {[%emt 00:00:08]} 4. Qd1 {[%clk 01:29:27]} {[%emt 00:00:10]} g6
{[%clk 01:29:42]} {[%emt 00:00:28]} 5. Nf3 {[%clk 01:29:10]} {[%emt 00:00:26]}
Bg7 {[%clk 01:29:42]} {[%emt 00:00:04]} 6. Bc4 {[%clk 01:28:12]} {[%emt
00:01:08]} d6 {[%clk 01:27:51]} {[%emt 00:02:01]} 7. O-O {[%clk 01:26:37]}
{[%emt 00:01:46]} Nf6 {[%clk 01:26:59]} {[%emt 00:01:03]} 8. Nc3 {[%clk
01:25:29]} {[%emt 00:01:18]} O-O {[%clk 01:26:34]} {[%emt 00:00:35]} 9. Bf4
{[%clk 01:22:50]} {[%emt 00:02:48]} a6 {[%clk 01:22:57]} {[%emt 00:03:49]} 10.
Bb3 {[%clk 01:21:52]} {[%emt 00:01:07]} Bd7 {[%clk 01:21:35]} {[%emt 00:01:32]}
11. Re1 {[%clk 01:18:57]} {[%emt 00:03:05]} Qb6 {[%clk 01:20:20]} {[%emt
00:01:24]} 12. e5 {[%clk 01:16:22]} {[%emt 00:02:46]} Ng4 {[%clk 01:17:36]}
{[%emt 00:02:54]} 13. Be3 {[%clk 01:12:05]} {[%emt 00:04:26]} Nxe3 {[%clk
01:17:36]} {[%emt 00:00:05]} 14. Rxe3 {[%clk 01:09:19]} {[%emt 00:02:55]} Nxe5
{[%clk 01:15:02]} {[%emt 00:02:46]} 15. Nd5 {[%clk 01:04:38]} {[%emt 00:04:50]}
Qd8 {[%clk 01:14:54]} {[%emt 00:00:17]} 16. Qe2 {[%clk 00:59:22]} {[%emt
00:05:26]} Nxf3+ {[%clk 01:14:35]} {[%emt 00:00:30]} 17. Rxf3 {[%clk 00:57:12]}
{[%emt 00:02:18]} e6 {[%clk 01:13:03]} {[%emt 00:01:43]} 18. Ne3 {[%clk
00:56:07]} {[%emt 00:01:16]} Bxb2 {[%clk 01:12:30]} {[%emt 00:00:44]} 19. Rd1
{[%clk 00:55:51]} {[%emt 00:00:26]} d5 {[%clk 01:11:50]} {[%emt 00:00:49]} 20.
Ng4 {[%clk 00:53:42]} {[%emt 00:02:18]} Bg7 {[%clk 01:11:05]} {[%emt 00:00:56]}
21. Qd2 {[%clk 00:51:45]} {[%emt 00:02:07]} Bb5 {[%clk 01:09:44]} {[%emt
00:01:31]} 22. Nh6+ {[%clk 00:49:49]} {[%emt 00:02:06]} Bxh6 {[%clk 01:09:40]}
{[%emt 00:00:13]} 23. Qxh6 {[%clk 00:49:35]} {[%emt 00:00:23]} Be2 {[%clk
01:09:32]} {[%emt 00:00:20]} 24. Rh3 {[%clk 00:48:12]} {[%emt 00:01:33]} Re8
{[%clk 01:08:56]} {[%emt 00:00:46]} 25. Re1 {[%clk 00:46:21]} {[%emt 00:02:01]}
Bh5 {[%clk 01:08:52]} {[%emt 00:00:13]} 26. Re5 {[%clk 00:44:29]} {[%emt
00:02:02]} Qf6 {[%clk 01:07:31]} {[%emt 00:01:31]} 27. Rexh5 {[%clk 00:42:49]}
{[%emt 00:01:45]} Qa1+ {[%emt 00:00:23]} 0-1